[Event "Scarborough CC Howard Ridout"]
[Site "Toronto"]
[Date "2017.10.05"]
[Round "4.6"]
[White "Ning, Eric"]
[Black "Cale, Ferdinand"]
[Result "1-0"]
[WhiteElo "2024"]
[BlackElo "1864"]
[PlyCount "53"]
[EventDate "2017.09.14"]
[EventType "swiss"]
[EventRounds "7"]
[EventCountry "CAN"]
[SourceTitle "EXT 2022"]
[Source "ChessBase"]
[SourceDate "2021.10.06"]
[SourceVersion "1"]
[SourceVersionDate "2021.10.06"]
[SourceQuality "1"]

1. d4 d6 2. c4 e6 3. Nc3 f6 4. e4 g6 5. Nf3 Bg7 6. Bf4 Ne7 7. h4 0-0 8. Qd2 e5 9. Bh6 c5 10. d5 Bg4 11. Nh2 Bd7 12. 0-0-0 f5 13. h5 f4 14. Bxg7 Kxg7 15. g3 g5 16. gxf4 exf4 17. h6+ Kh8 18. Be2 Ng6 19. Rdg1 Ne5 20. Nf3 Nxf3 21. Bxf3 Qf6 22. Rh5 Rg8 23. e5 Qxe5 24. Ne4 Na6 25. Rhxg5 Bf5 26. Nxd6 Qf6 27. Nf7+ 1-0

[Event "Scarborough CC-ch Reserves"]
[Site "Toronto"]
[Date "2011.03.10"]
[Round "3"]
[White "Cale, Ferdinand"]
[Black "Sharpe, Sam"]
[Result "1-0"]
[WhiteElo "1679"]
[BlackElo "1909"]
[PlyCount "33"]
[EventDate "2011.02.24"]
[EventType "swiss"]
[EventRounds "9"]
[EventCountry "CAN"]
[SourceTitle "EXT 2022"]
[Source "ChessBase"]
[SourceDate "2021.10.06"]
[SourceVersion "1"]
[SourceVersionDate "2021.10.06"]
[SourceQuality "1"]

1. g3 g6 2. Bg2 Bg7 3. c3 d6 4. Qb3 c6 5. d4 Nf6 6. Na3 0-0 7. Nf3 Nbd7 8. 0-0 Qc7 9. Re1 e5 10. e3 e4 11. Nd2 d5 12. c4 a6 13. Qc2 Ne8 14. Rb1 f5 15. f4 exf3 16. Bxf3 Bxd4 17. exd4 1-0

[Event "Scarborough CC LH Summer op"]
[Site "Toronto"]
[Date "2010.06.10"]
[Round "6"]
[White "Cale, Ferdinand"]
[Black "Radpey, Abdolreza"]
[Result "1-0"]
[WhiteElo "1748"]
[BlackElo "1587"]
[PlyCount "96"]
[EventDate "2010.04.29"]
[EventType "swiss"]
[EventRounds "8"]
[EventCountry "CAN"]
[SourceTitle "EXT 2022"]
[Source "ChessBase"]
[SourceDate "2021.10.06"]
[SourceVersion "1"]
[SourceVersionDate "2021.10.06"]
[SourceQuality "1"]

1. f4 d5 2. d4 Nc6 3. e3 Bf5 4. Bd3 Be4 5. Bxe4 dxe4 6. Ne2 e6 7. 0-0 f5 8. a3 a5 9. c3 Nf6 10. b3 Be7 11. Bb2 Ng4 12. Qd2 Na7 13. c4 c6 14. h3 Nf6 15. Nbc3 Nh5 16. g4 Nf6 17. g5 Nh5 18. Kg2 Qb6 19. Qe1 g6 20. Na4 Qc7 21. d5 Rg8 22. dxe6 Rd8 23. Qc1 Rd3 24. Bd4 c5 25. Be5 Qc6 26. Nec3 Qxe6 27. h4 Kf7 28. Nb2 Rd7 29. Rd1 Rxd1 30. Nbxd1 Nc6 31. Bc7 Bd8 32. Nd5 Bxc7 33. Nxc7 Qd7 34. Nd5 Ne7 35. N1c3 Rd8 36. Qc2 Qc6 37. Rd1 Nxd5 38. Rxd5 Rxd5 39. Nxd5 b5 40. Qc3 bxc4 41. Qxc4 Kf8 42. b4 axb4 43. axb4 Ke8 44. Qxc5 Qd7 45. b5 Qg7 46. Qc8+ Kf7 47. Qd7+ Kf8 48. Qxg7+ Kxg7 1-0

[Event "Scarborough CC-ch Reserves op"]
[Site "Toronto"]
[Date "2010.03.11"]
[Round "3"]
[White "Southam, David"]
[Black "Cale, Ferdinand"]
[Result "1-0"]
[WhiteElo "2168"]
[BlackElo "1626"]
[PlyCount "109"]
[EventDate "2010.02.25"]
[EventType "swiss"]
[EventRounds "9"]
[EventCountry "CAN"]
[SourceTitle "EXT 2022"]
[Source "ChessBase"]
[SourceDate "2021.10.06"]
[SourceVersion "1"]
[SourceVersionDate "2021.10.06"]
[SourceQuality "1"]

1. d4 e6 2. c4 c6 3. Nc3 Bb4 4. Qc2 Ne7 5. a3 Bxc3+ 6. Qxc3 d5 7. Nf3 f6 8. g3 0-0 9. Bg2 Ng6 10. 0-0 Re8 11. b3 Nd7 12. Rd1 Ndf8 13. Bb2 Bd7 14. Nd2 Rc8 15. e4 Ne7 16. f4 f5 17. exf5 Nxf5 18. Nf3 Ng6 19. Re1 b6 20. Re2 a6 21. Rae1 h6 22. Qd3 b5 23. Bc3 Qf6 24. Bb4 Kf7 25. Bc5 Rb8 26. Rf1 Kg8 27. Bh3 Rbc8 28. Kh1 Kh8 29. Rfe1 Qf7 30. Bg4 Qf6 31. Bh5 dxc4 32. bxc4 Nfe7 33. Ne5 Nf8 34. Bxe8 Bxe8 35. Bxe7 Qxe7 36. f5 Qg5 37. Rf2 Kg8 38. Ref1 Nd7 39. fxe6 Nf6 40. h4 Qh5 41. Rf5 Bg6 42. Rxh5 Bxd3 43. Rxf6 gxf6 44. Nxd3 bxc4 45. Nf4 Rd8 46. Rc5 Rxd4 47. Rxc6 Re4 48. Rxa6 Kg7 49. Ra7+ Kf8 50. Rc7 Ke8 51. a4 c3 52. Rxc3 Rxa4 53. Nd5 Kd8 54. e7+ Ke8 55. Rc8+ 1-0